| 000 | 01121pam a2200277 a 4500 | ||
|---|---|---|---|
| 999 |
_c6610 _d6610 |
||
| 001 | 1087927 | ||
| 003 | OSt | ||
| 005 | 20200207112927.0 | ||
| 008 | 920630s1993 enka b 001 0 eng | ||
| 010 | _a 92023185 | ||
| 020 | _a0521373786 (hardback) | ||
| 020 | _a0521377579 (pbk.) | ||
| 040 |
_aDLC _cDLC _dDLC |
||
| 082 | 0 | 0 |
_a537.623 _220 _bVID 1993 |
| 100 | 1 |
_aVidali, Gianfranco. _913597 |
|
| 245 | 1 | 0 |
_aSuperconductivity : _bthe next revolution? / _cGianfranco Vidali. |
| 260 |
_aCambridge [England] ; _aNew York, NY, USA : _bCambridge University Press, _c1993. |
||
| 300 |
_axii, 165 p. : _bill. ; _c24 cm. |
||
| 504 | _aIncludes bibliographical references (p. 160-161) and index. | ||
| 650 | 0 |
_aSuperconductivity. _913598 |
|
| 856 | 4 | 2 |
_3Publisher description _uhttp://www.loc.gov/catdir/description/cam025/92023185.html |
| 856 | 4 | 1 |
_3Table of contents _uhttp://www.loc.gov/catdir/toc/cam021/92023185.html |
| 906 |
_a7 _bcbc _corignew _d1 _eocip _f19 _gy-gencatlg |
||
| 942 |
_2ddc _cO_SHELF |
||